• 首页
  • 本馆介绍
  • 公告通知
  • 最新文献
  • 馆藏检索
  • 电子资源
  • 读者导购
  • 参考咨询
  • 我的图书馆
  • 登录
  • 详细信息显示
  • 放入我的书架
  • 预约/预借图书
  • 作者相关作品
  • 分类相关作品
  • 丛书相关作品
  • 出版社相关作品

书目信息

  • 表格格式
  • 工作单格式
  • 卡片格式
题名:
红领巾俱乐部
    
 
作者: 张成明 主编
分册:  
出版信息: 北京   中国少年儿童出版社  1999
页数: 250页
开本: 19cm
丛书名: 少先队活动丛书
单 册:
中图分类: D432.51
科图分类:
主题词: 少年先锋队活动--中国
电子资源:
ISBN: 7-5007-4767-5
000 00638oam2 2200229 450
001 1534625614
005 20150117093742.01
010    @a7-5007-4767-5@dCNY9.00
100    @a20021005d1999 cd y0chiy0110 ea
101 0  @achi
102    @aCN@b110000
105    @ay z 000zy
200 1  @a红领巾俱乐部@9hong ling jin ju le bu@f张成明主编
210    @a北京@c中国少年儿童出版社@d1999
215    @a250页@d19cm
225 2  @a少先队活动丛书
461  0 @12001 @a少先队活动丛书
606 0  @a少年先锋队活动@y中国
690    @aD432.51@v5
701  0 @a张成明@9zhang cheng ming@4主编
801  0 @aCN@bTSSF@c20150117
905    @aZUCC@dD432.51@eJY1
    
    红领巾俱乐部/张成明主编.-北京:中国少年儿童出版社,1999
    250页;19cm.-(少先队活动丛书)
    
    
    ISBN 7-5007-4767-5:CNY9.00
    
●
相关链接 在E读中查询图书 在五车中查询图书 在当当中查询图书 在豆瓣中查询图书


正题名:红领巾俱乐部     索取号:D432.51/JY1         预约/预借

序号 登录号 条形码 馆藏地/架位号 状态 备注
1 7851409   278514092   学院路分馆/ [索取号:D432.51/JY1] 在馆    
唐山师范学院图书馆 欢迎您!
大连网信软件有限公司© 版权所有